El abandono de familia en el Derecho Penal español

Saved in:
Bibliografiske detaljer
Hovedforfatter: Polaino Navarrete, Miguel
Format: Bog
Sprog:spansk
Udgivet: Sevilla, España Universidad de Sevilla 1979
Serier:Anales de la Universidad Hispalense. Derecho. 39
Fag:
Tags: Tilføj Tag
Ingen Tags, Vær først til at tagge denne postø!

MARC

LEADER 00000nam a2200000 a 4500
001 UCS0076
003 CL-VaPUC
005 20240401121835.0
008 970418e19790000SP |||||||||||||||||spa|d
999 |c 258330  |d 258328 
040 |c Pontificia Universidad Católica de Valparaíso 
082 0 4 |a 345.46 POL 1979  |2 21 
100 0 |a Polaino Navarrete, Miguel  |9 383149 
245 1 3 |a El abandono de familia en el Derecho Penal español 
260 0 3 |a Sevilla, España  |b Universidad de Sevilla  |c 1979 
300 |a 464 páginas 
490 0 |a Anales de la Universidad Hispalense. Derecho.  |v 39 
583 |a last modification  |c 19970418 00:00:00  |k Rodrigo Vera 
650 0 |a Abandono de familia  |9 336548 
650 7 |a DERECHO PENAL  |2 CL-VaPUC  |9 11 
650 0 |a Código penal  |9 255935 
650 0 |a Derecho de familia  |9 255603 
650 0 |a Familias   |9 255641 
651 0 |a España  |9 254926 
942 |c BK  |2 ddc 
945 |d 19970418 00:00:00  |a cmena 
952 |0 0  |1 0  |2 ddc  |4 0  |6 345_460000000000000_POL_1979  |7 0  |8 A  |9 282355  |a BIBDER  |b BIBDER  |d 2019-11-19  |i 1827456  |o 345.46 POL 1979  |p 1827456  |r 2019-11-19  |t 1  |w 2019-11-19  |y BK  |k DER